LEADER 01405nam 2200445 450 001 996464549003316 005 20221006133958.0 010 $a981-16-3420-3 035 $a(MiAaPQ)EBC6896938 035 $a(Au-PeEL)EBL6896938 035 $a(CKB)21325599700041 035 $a(PPN)260829293 035 $a(EXLCZ)9921325599700041 100 $a20221006d2022 uy 0 101 0 $aeng 135 $aurcnu|||||||| 181 $ctxt$2rdacontent 182 $cc$2rdamedia 183 $acr$2rdacarrier 200 00$aDistributed machine learning and gradient optimization /$fedited by Jiawei Jiang, Bin Cui, Ce Zhang 210 1$aSingapore :$cSpringer,$d[2022] 210 4$dİ2022 215 $a1 online resource (179 pages) 225 1 $aBig Data Management Ser. 311 08$aPrint version: Jiang, Jiawei Distributed Machine Learning and Gradient Optimization Singapore : Springer Singapore Pte. Limited,c2022 9789811634192 320 $aIncludes bibliographical references. 410 0$aBig Data Management Ser. 606 $aData mining 615 0$aData mining. 676 $a943.005 702 $aJiang$b Jiawei 702 $aCui$b Bin 702 $aZhang$b Ce 801 0$bMiAaPQ 801 1$bMiAaPQ 801 2$bMiAaPQ 906 $aBOOK 912 $a996464549003316 996 $aDistributed machine learning and gradient optimization$92920290 997 $aUNISA LEADER 01232nam a2200301 i 4500 001 991003098649707536 005 20240328120205.0 008 021111s2002 it 001 0 ita 020 $a9788884221926 035 $ab11754151-39ule_inst 035 $aLE02522678 040 $aFac. Economia$bita 082 04$a650 100 1 $aDi Cagno, Nicola$0116042 245 10$aElementi di calcolo computistico :$bcalcolo mercantile, bancario e delle operazioni mobiliari e valutarie /$ca cura di Nicola di Cagno 260 $aBari :$bCacucci,$c2002 300 $a249 p. ;$c24 cm 490 1 $aCollana di economia aziendale.$aSerie didattica ;$v2 650 4$aComputisteria$xTecnica commerciale 650 $aCalcolo commerciale 650 4$aCalcolo finanziario 907 $a.b11754151$b27-04-17$c27-11-02 912 $a991003098649707536 945 $aLE025 ECO 657 DIC01.03$g1$i2025000085282$lle025$o-$pE25.00$q-$rl$s-$t0$u2$v0$w2$x0$y.i11997655$z27-11-02 945 $aLE025 ECO 657 DIC01.03$g2$i2025000085275$lle025$nRicognizione 24/10/2018$o-$pE25.00$q-$rl$s-$t0$u4$v1$w4$x0$y.i11997643$z27-11-02 996 $aElementi di calcolo computistico$9904447 997 $aUNISALENTO 998 $ale025$b01-01-02$cm$da$e-$fita$git$h0$i2